| 000 | 00748nam a2200277Ia 4500 | ||
|---|---|---|---|
| 003 | OSt | ||
| 005 | 20221006144127.0 | ||
| 006 | a|||||r|||| 00| 0 | ||
| 007 | ta | ||
| 008 | 221006b |||||||| |||| 00| 0 eng d | ||
| 020 |
_c _7.95 |
||
| 024 | _a10,942 | ||
| 037 |
_bGift, _cTextual |
||
| 040 |
_aEASL _cEASL _beng |
||
| 041 |
_2eng _aeng |
||
| 082 | _aQ841.N1, K8 | ||
| 100 |
_aSMITH D Howard _954074 |
||
| 245 | 0 | _aChinese religions | |
| 260 |
_aNew York _bHolt, Rinehart and Winston _c1968 |
||
| 300 |
_axiii, 262p. _ccm. |
||
| 490 |
_v CEL _aHistory of Religion Series |
||
| 650 | _a CEL | ||
| 650 |
_aBuddhism - China _929289 |
||
| 942 |
_hQ841.N1, K8 _cTEXL _2CC |
||
| 999 |
_c1079028 _d1079028 |
||